000 00396nam a2200133Ia 4500
005 20260326100029.0
008 260326s9999||||xx |||||||||||||| ||und||
100 _aGoodwin, Philip Lippincott
245 0 _aBrazil Builds :
_b Architecture new and old, 1652-1942 /
_cPhilip Lippincott Goodwin
260 _bMuseo de Arte Moderno
300 _a198 p.
650 _aARQUITECTURA REGIONAL
942 _cBK
999 _c6513
_d6513